LIBRARY & INFORMATION CENTRE, KCAET, TAVANUR

ONLINE PUBLIC ACCESS CATALOGUE (OPAC)

Principles of Water Management in Agriculture (Record no. 13612)

MARC details
000 -LEADER
fixed length control field 00330cam a2200133ua 4500
020 ## - INTERNATIONAL STANDARD BOOK NUMBER
ISBN 9789380179018
082 ## - DEWEY DECIMAL CLASSIFICATION NUMBER
Classification number 627.02
Item number JHO/PR
100 ## - MAIN ENTRY--AUTHOR NAME
Personal name Jhonson, Charlotte.
245 ## - TITLE STATEMENT
Title Principles of Water Management in Agriculture
250 ## - EDITION STATEMENT
Edition statement 1.st
260 ## - PUBLICATION, DISTRIBUTION, ETC. (IMPRINT)
Place of publication Jaipur:
Name of publisher Oxford ,
Year of publication 2009
300 ## - PHYSICAL DESCRIPTION
Number of Pages 283.
942 ## - ADDED ENTRY ELEMENTS (KOHA)
Koha item type Books
Holdings
Withdrawn status Lost status Damaged status Collection code Home library Current library Shelving location Date acquired Source of acquisition Cost, normal purchase price Full call number Accession Number Koha item type
        KAUAET KAUAET Scheme 01/09/2016 Penta Books Distributors, Calicut. 1250.00 627.02 JHO/PR BB 162 Book Bank scheme for SC students
        KAUAET KAUAET Scheme 01/09/2016 Penta Books Distributors, Calicut. 1250.00 627.02 JHO/PR BB 163 Book Bank scheme for SC students
free website counter